Creating the desire for change in higher education (Record no. 10245)

MARC details
000 -LEADER
fixed length control field 01097nam a22002897a 4500
003 - CONTROL NUMBER IDENTIFIER
control field OSt
005 - DATE AND TIME OF LATEST TRANSACTION
control field 20250509082603.0
008 - FIXED-LENGTH DATA ELEMENTS--GENERAL INFORMATION
fixed length control field 250505t2023 |||o||||o| || 00| ||eng dd
020 ## - INTERNATIONAL STANDARD BOOK NUMBER
International Standard Book Number 978-1-3502-4478-8
040 ## - CATALOGING SOURCE
Transcribing agency JMCFI - Learning Resource Center
082 ## - DEWEY DECIMAL CLASSIFICATION NUMBER
Classification number eBook/Ed. 378.’001’4 C912 2023
245 ## - TITLE STATEMENT
Title Creating the desire for change in higher education
Medium [electronic resource] /
Remainder of title edited by Didi Griddioen.
260 ## - PUBLICATION, DISTRIBUTION, ETC.
Place of publication, distribution, etc. London :
Name of publisher, distributor, etc. Bloomsbury Academic,
Date of publication, distribution, etc. 2023.
300 ## - PHYSICAL DESCRIPTION
Extent 1 online resource (233 pages).
504 ## - BIBLIOGRAPHY, ETC. NOTE
Bibliography, etc. note Includes bibliographical references and indexes.
650 ## - SUBJECT ADDED ENTRY--TOPICAL TERM
Topical term or geographic name entry element Higher education
General subdivision Research.
9 (RLIN) 32591
650 ## - SUBJECT ADDED ENTRY--TOPICAL TERM
Topical term or geographic name entry element Education
General subdivision Research.
9 (RLIN) 11496
650 ## - SUBJECT ADDED ENTRY--TOPICAL TERM
Topical term or geographic name entry element Research integration.
9 (RLIN) 32592
650 ## - SUBJECT ADDED ENTRY--TOPICAL TERM
Topical term or geographic name entry element Research.
9 (RLIN) 146
650 ## - SUBJECT ADDED ENTRY--TOPICAL TERM
Topical term or geographic name entry element Research and teaching.
9 (RLIN) 32593
650 ## - SUBJECT ADDED ENTRY--TOPICAL TERM
Topical term or geographic name entry element Hybrid organizations.
9 (RLIN) 32594
650 ## - SUBJECT ADDED ENTRY--TOPICAL TERM
Topical term or geographic name entry element Open Access Publishing in European Networks (OAPEN).
9 (RLIN) 30999
650 ## - SUBJECT ADDED ENTRY--TOPICAL TERM
Topical term or geographic name entry element eBook (Open access).
9 (RLIN) 30865
700 ## - ADDED ENTRY--PERSONAL NAME
Personal name Griffioen, Didi
Relator term editor
9 (RLIN) 32595
856 ## - ELECTRONIC LOCATION AND ACCESS
Uniform Resource Identifier <a href="https://library.oapen.org/handle/20.500.12657/58875">https://library.oapen.org/handle/20.500.12657/58875</a>
942 ## - ADDED ENTRY ELEMENTS (KOHA)
Source of classification or shelving scheme Dewey Decimal Classification
Koha item type eBook (Open Access)
Suppress in OPAC No
Holdings
Withdrawn status Lost status Source of classification or shelving scheme Damaged status Not for loan Home library Current library Date acquired Total Checkouts Call number Date last seen Uniform Resource Identifier Price effective from Koha item type
    Dewey Decimal Classification     LRC - Digital Library LRC - Digital Library 05/09/2025   eBook/Ed. 378.’001’4 C912 2023 05/09/2025 https://library.oapen.org/handle/20.500.12657/58875 05/09/2025 eBook (Open Access)